[Event "CRO-chT1B 28th"]
[Site "Mali Losinj"]
[Date "2019.10.02"]
[Round "5.25"]
[White "Pucovski, Miroslav"]
[Black "Levacic, Patrick"]
[Result "1/2-1/2"]
[WhiteElo "2238"]
[BlackElo "2245"]
[PlyCount "20"]
[EventDate "2019.09.28"]
[EventType "team-tourn"]
[EventRounds "9"]
[EventCountry "CRO"]
[SourceTitle "EXT 2020"]
[Source "ChessBase"]
[SourceDate "2019.10.17"]
[SourceVersion "1"]
[SourceVersionDate "2019.10.17"]
[SourceQuality "1"]
[WhiteTeam "Vinkovci"]
[BlackTeam "Dubrovnik"]
[WhiteTeamCountry "CRO"]
[BlackTeamCountry "CRO"]

1. e4 e6 2. d4 d5 3. e5 c5 4. c3 Nc6 5. Nf3 Bd7 6. Be2 Nge7 7. Na3 cxd4 8. cxd4 Nf5 9. Nc2 Qb6 10. 0-0 Be7 1/2-1/2

[Event "CRO-chT1B 27th"]
[Site "Biograd"]
[Date "2018.09.19"]
[Round "5.25"]
[White "Pucovski, Miroslav"]
[Black "Krnic, Ivan"]
[Result "1-0"]
[WhiteElo "2241"]
[BlackElo "2116"]
[PlyCount "129"]
[EventDate "2018.09.15"]
[EventType "team-swiss"]
[EventRounds "9"]
[EventCountry "CRO"]
[SourceTitle "CBM 186 Extra"]
[Source "ChessBase"]
[SourceDate "2018.08.24"]
[SourceVersion "1"]
[SourceVersionDate "2018.08.24"]
[SourceQuality "1"]
[WhiteTeam "Vinkovci"]
[BlackTeam "Split Brda"]
[WhiteTeamCountry "CRO"]
[BlackTeamCountry "CRO"]

1. e4 g6 2. d4 Bg7 3. c3 d5 4. exd5 Nf6 5. Nf3 Nxd5 6. Be2 0-0 7. 0-0 Nd7 8. Bc4 N7f6 9. Re1 c6 10. Nbd2 Re8 11. Bb3 e6 12. Ne5 Nd7 13. Ndf3 Nxe5 14. dxe5 Qc7 15. Qe2 b6 16. Qe4 Bb7 17. Qh4 c5 18. Ba4 Rf8 19. Bg5 c4 20. Rad1 a6 21. Bh6 Bxh6 22. Qxh6 f6 23. exf6 Rxf6 24. Ng5 Qe7 25. Rd4 Raf8 26. f3 b5 27. Bc2 Nf4 28. Be4 Bc8 29. Bc2 Qg7 30. Qxg7+ Kxg7 31. Ne4 e5 32. Rd6 Rxd6 33. Nxd6 Rd8 34. Nxc8 Rxc8 35. g3 Ne6 36. Rxe5 Kf6 37. Rd5 Rc6 38. Kf2 Nc5 39. Be4 Rc7 40. Rd6+ Ke5 41. Rd5+ Ke6 42. Rd2 Ke5 43. Bc2 Rf7 44. h4 Rc7 45. Ke3 a5 46. f4+ Ke6 47. h5 gxh5 48. Rh2 Rg7 49. Rxh5 Nd3 50. Rh3 Nxb2 51. Bxh7 Nd1+ 52. Kd4 Rd7+ 53. Kc5 Nxc3 54. Rh6+ Ke7 55. Rh2 Kf6 56. g4 Rd5+ 57. Kc6 Rd4 58. g5+ Kg7 59. f5 b4 60. f6+ Kf7 61. Rf2 Ke6 62. Bg8+ Ke5 63. f7 Rd6+ 64. Kb7 Rd7+ 65. Ka6 1-0

[Event "CRO-chT1B 27th"]
[Site "Biograd"]
[Date "2018.09.18"]
[Round "4.45"]
[White "Vujakovic, Branko"]
[Black "Pucovski, Miroslav"]
[Result "1-0"]
[WhiteElo "2340"]
[BlackElo "2241"]
[PlyCount "77"]
[EventDate "2018.09.15"]
[EventType "team-swiss"]
[EventRounds "9"]
[EventCountry "CRO"]
[SourceTitle "CBM 186 Extra"]
[Source "ChessBase"]
[SourceDate "2018.08.24"]
[SourceVersion "1"]
[SourceVersionDate "2018.08.24"]
[SourceQuality "1"]
[WhiteTeam "Zagreb Hask Mladost"]
[BlackTeam "Vinkovci"]
[WhiteTeamCountry "CRO"]
[BlackTeamCountry "CRO"]

1. e4 c5 2. Nf3 Nc6 3. d4 cxd4 4. Nxd4 e5 5. Nb5 d6 6. c4 Be7 7. N1c3 a6 8. Na3 f5 9. exf5 Bxf5 10. Bd3 Be6 11. Nc2 Nf6 12. 0-0 0-0 13. Ne3 Nd4 14. Ned5 Nxd5 15. Nxd5 g6 16. Be4 Bf5 17. Qd3 Rf7 18. Be3 Nc6 19. Rad1 Bxe4 20. Qxe4 Bg5 21. f4 exf4 22. Bxf4 Bxf4 23. Rxf4 Rxf4 24. Qxf4 Qf8 25. Qh4 Kh8 26. h3 Qg7 27. Nc3 Qe5 28. Ne4 Qxb2 29. c5 Qe5 30. cxd6 Rf8 31. d7 Kg7 32. Ng5 h6 33. Nf3 Qf6 34. Qg3 Qe7 35. Qc7 Nd8 36. Re1 Qf7 37. Re8 Rxe8 38. dxe8N+ Kf8 39. Qxd8 1-0

[Event "Novi Sad TS IM 81st"]
[Site "Novi Sad"]
[Date "2018.07.05"]
[Round "9"]
[White "Pucovski, Miroslav"]
[Black "Bozic, Milan"]
[Result "1/2-1/2"]
[WhiteElo "2261"]
[BlackElo "2398"]
[PlyCount "49"]
[EventDate "2018.06.30"]
[EventType "tourn"]
[EventRounds "11"]
[EventCountry "SRB"]
[SourceTitle "CBM 185 Extra"]
[Source "ChessBase"]
[SourceDate "2018.07.29"]
[SourceVersion "1"]
[SourceVersionDate "2018.07.29"]
[SourceQuality "1"]

1. e4 c6 2. d4 d6 3. c3 Nf6 4. Bd3 e5 5. h3 Be7 6. Nf3 Qc7 7. 0-0 0-0 8. Re1 Re8 9. Nbd2 Nbd7 10. Nf1 Bf8 11. Ng3 g6 12. Bd2 Bg7 13. Qc1 Nf8 14. Bh6 Ne6 15. dxe5 dxe5 16. Bc4 b5 17. Bb3 a5 18. Bxg7 Kxg7 19. Bxe6 Bxe6 20. Qg5 Bc8 21. Nf5+ Bxf5 22. exf5 e4 23. Nd4 h6 24. Qd2 a4 25. a3 1/2-1/2

[Event "Novi Sad TS IM 81st"]
[Site "Novi Sad"]
[Date "2018.07.01"]
[Round "2"]
[White "Dedebas, Emre Emin"]
[Black "Pucovski, Miroslav"]
[Result "1-0"]
[WhiteElo "2336"]
[BlackElo "2261"]
[PlyCount "75"]
[EventDate "2018.06.30"]
[EventType "tourn"]
[EventRounds "11"]
[EventCountry "SRB"]
[SourceTitle "CBM 185 Extra"]
[Source "ChessBase"]
[SourceDate "2018.07.29"]
[SourceVersion "1"]
[SourceVersionDate "2018.07.29"]
[SourceQuality "1"]

1. d4 d5 2. c4 c6 3. Nf3 Nf6 4. e3 Bf5 5. Nc3 e6 6. Nh4 Bg6 7. Qb3 Qb6 8. Nxg6 hxg6 9. Bd2 Nbd7 10. Be2 Be7 11. Rc1 0-0 12. Qxb6 axb6 13. a4 Bb4 14. b3 dxc4 15. Bxc4 e5 16. 0-0 Rad8 17. Rfd1 Rfe8 18. d5 Nc5 19. dxc6 bxc6 20. Be1 Ne6 21. Bd3 Rd7 22. Bc2 Red8 23. Kf1 Rxd1 24. Rxd1 Rxd1 25. Bxd1 Kf8 26. Ke2 Nc5 27. f3 Ke8 28. g4 Ne6 29. Bc2 Nc5 30. h4 Ba5 31. g5 Nfd7 32. Bd2 Nf8 33. f4 exf4 34. exf4 Nfe6 35. Ke3 Bb4 36. Ne4 Bxd2+ 37. Nxd2 Nc7 38. Be4 1-0

[Event "Novi Sad TS 74th"]
[Site "Novi Sad"]
[Date "2018.04.06"]
[Round "6"]
[White "Gorodetzky, Matan"]
[Black "Pucovski, Miroslav"]
[Result "1/2-1/2"]
[WhiteElo "2096"]
[BlackElo "2259"]
[PlyCount "87"]
[EventDate "2018.04.03"]
[EventType "swiss"]
[EventRounds "9"]
[EventCountry "SRB"]
[SourceTitle "EXT 2019"]
[Source "ChessBase"]
[SourceDate "2018.10.10"]
[SourceVersion "1"]
[SourceVersionDate "2018.10.10"]
[SourceQuality "1"]

1. e4 c5 2. c3 d5 3. exd5 Qxd5 4. d4 Nc6 5. Nf3 Bg4 6. Be2 cxd4 7. cxd4 e6 8. 0-0 Nf6 9. Be3 Bd6 10. Nc3 Qa5 11. h3 Bh5 12. Qb3 Qb4 13. d5 Qxb3 14. axb3 Nxd5 15. Nxd5 exd5 16. Rfd1 d4 17. Bxd4 Nxd4 18. Rxd4 0-0-0 19. g4 Bg6 20. Rxa7 Kb8 21. Rda4 Rhe8 22. Kf1 Bc5 23. R7a5 Bb6 24. Ra8+ Kc7 25. Rc4+ Kd6 26. Ra1 Re4 27. Nd2 Rxc4 28. Nxc4+ Kc7 29. Rc1 Bd4 30. Bf3 Bd3+ 31. Kg2 Kb8 32. Re1 Bxc4 33. bxc4 Bc5 34. Re5 b6 35. Bd5 Rd7 36. Re8+ Kc7 37. Kf3 f6 38. h4 Re7 39. Rxe7+ Bxe7 40. Bg8 h6 41. Bh7 f5 42. Bxf5 Bxh4 43. Ke3 Bf6 44. b3 1/2-1/2

[Event "Novi Sad TS 74th"]
[Site "Novi Sad"]
[Date "2018.04.05"]
[Round "4"]
[White "Sredojevic, Ivan"]
[Black "Pucovski, Miroslav"]
[Result "1-0"]
[WhiteElo "2313"]
[BlackElo "2259"]
[PlyCount "109"]
[EventDate "2018.04.03"]
[EventType "swiss"]
[EventRounds "9"]
[EventCountry "SRB"]
[SourceTitle "EXT 2019"]
[Source "ChessBase"]
[SourceDate "2018.10.10"]
[SourceVersion "1"]
[SourceVersionDate "2018.10.10"]
[SourceQuality "1"]

1. e4 c5 2. Nf3 Nc6 3. d4 cxd4 4. Nxd4 e5 5. Nb5 d6 6. c4 Be7 7. N1c3 a6 8. Na3 f5 9. exf5 Bxf5 10. Nc2 Nf6 11. Be2 0-0 12. 0-0 Kh8 13. Be3 Rc8 14. Rc1 Qe8 15. Kh1 Qg6 16. f3 Be6 17. Qd2 Qf7 18. b3 d5 19. cxd5 Nxd5 20. Nxd5 Bxd5 21. Rcd1 Be6 22. Bd3 Rcd8 23. Qe2 Bf5 24. Bxf5 Qxf5 25. Bb6 Rxd1 26. Rxd1 Bg5 27. Na3 Bd8 28. Bc5 Be7 29. Bxe7 Nxe7 30. Nc4 Nc6 31. Re1 Rd8 32. h3 h6 33. Nxe5 Nxe5 34. Qxe5 Qc2 35. Re2 Rd2 36. Rxd2 Qxd2 37. Qb8+ Kh7 38. Qxb7 Qe1+ 39. Kh2 Qe5+ 40. f4 Qxf4+ 41. g3 Qd2+ 42. Qg2 Qd3 43. Qb2 h5 44. h4 Kg6 45. a4 a5 46. Qa2 Kh6 47. Qf2 Qxb3 48. Qd2+ Kh7 49. Qxa5 Qc2+ 50. Kh3 Qd1 51. Qf5+ g6 52. Qe4 Qf1+ 53. Kh2 Qf2+ 54. Qg2 Qa7 55. Qa2 1-0

[Event "Novi Sad TS 64th"]
[Site "Novi Sad"]
[Date "2018.02.06"]
[Round "3"]
[White "Pucovski, Miroslav"]
[Black "Sredojevic, Ivan"]
[Result "0-1"]
[WhiteElo "2275"]
[BlackElo "2351"]
[PlyCount "62"]
[EventDate "2018.02.05"]
[EventType "swiss"]
[EventRounds "9"]
[EventCountry "SRB"]
[SourceTitle "CBM 183 Extra"]
[Source "ChessBase"]
[SourceDate "2018.04.19"]
[SourceVersion "1"]
[SourceVersionDate "2018.04.19"]
[SourceQuality "1"]

1. e4 d6 2. d4 g6 3. c3 Bg7 4. Nf3 Nf6 5. Bd3 0-0 6. 0-0 Nc6 7. Re1 e5 8. h3 Nh5 9. Bg5 Qe8 10. Be3 Kh8 11. Na3 Bd7 12. Nb5 Qc8 13. a4 a6 14. Na3 Qe8 15. Nc2 f5 16. dxe5 f4 17. Bd4 Nxe5 18. b3 Nxf3+ 19. Qxf3 Be5 20. Be2 Nf6 21. Bf1 g5 22. Qd3 Be6 23. c4 g4 24. hxg4 Nxg4 25. f3 Nf6 26. Qc3 Nd7 27. b4 Qe7 28. Red1 Rf6 29. c5 Rg8 30. cxd6 cxd6 31. Bxe5 Nxe5 0-1

[Event "Novi Sad TS 61st"]
[Site "Novi Sad"]
[Date "2017.11.23"]
[Round "5"]
[White "Estrada Nieto, Julian"]
[Black "Pucovski, Miroslav"]
[Result "1/2-1/2"]
[WhiteElo "2216"]
[BlackElo "2284"]
[PlyCount "143"]
[EventDate "2017.11.20"]
[EventType "tourn"]
[EventRounds "9"]
[EventCountry "SRB"]
[EventCategory "1"]
[SourceTitle "CBM 181 Extra"]
[Source "ChessBase"]
[SourceDate "2017.12.12"]
[SourceVersion "1"]
[SourceVersionDate "2017.12.12"]
[SourceQuality "1"]

1. e4 c5 2. Nf3 Nc6 3. Bb5 e6 4. 0-0 Nge7 5. c3 a6 6. Ba4 b5 7. Bc2 d5 8. a4 b4 9. d4 cxd4 10. cxd4 Ng6 11. Re1 Be7 12. Nbd2 0-0 13. Nb3 Bb7 14. e5 Na5 15. Nxa5 Qxa5 16. h4 Rfc8 17. Bd3 Qd8 18. Ng5 Nf8 19. Qh5 Bxg5 20. Bxg5 Qe8 21. a5 Bc6 22. Bd2 Bb5 23. Bb1 Rc4 24. Qg4 h5 25. Qf4 Ng6 26. Bxg6 fxg6 27. b3 Rc2 28. Bxb4 Ra7 29. Rac1 Rac7 30. Rxc2 Rxc2 31. Re3 Qf7 32. Qxf7+ Kxf7 33. Rf3+ Kg8 34. Rf8+ Kh7 35. Bc5 g5 36. hxg5 Kg6 37. Rg8 h4 38. Rh8 Kxg5 39. Be7+ Kg6 40. Rxh4 Rc8 41. Bc5 Kf7 42. Rf4+ Kg6 43. Rf3 Be2 44. Re3 Bb5 45. f3 Kg5 46. Kf2 Rh8 47. Re1 Kf5 48. Rc1 Rc8 49. g4+ Kg6 50. Kg3 Bd7 51. Kf4 Rh8 52. Bd6 Rc8 53. Bc7 Kf7 54. Kg5 Bb5 55. Rc5 Bd7 56. f4 g6 57. Bd6 Rc6 58. Rxc6 Bxc6 59. f5 gxf5 60. gxf5 Bb5 61. f6 Be2 62. Kf4 Bf1 63. Ke3 Bb5 64. Kd2 Bf1 65. Kc3 Bb5 66. Kb4 Be2 67. Kc5 Bb5 68. Kb6 Be2 69. Bc5 Bf1 70. Bd6 Be2 71. Bc5 Bf1 72. Bd6 1/2-1/2

[Event "Novi Sad TS 61st"]
[Site "Novi Sad"]
[Date "2017.11.21"]
[Round "2"]
[White "Jovic, Stanoje"]
[Black "Pucovski, Miroslav"]
[Result "1/2-1/2"]
[WhiteElo "2268"]
[BlackElo "2284"]
[PlyCount "20"]
[EventDate "2017.11.20"]
[EventType "tourn"]
[EventRounds "9"]
[EventCountry "SRB"]
[EventCategory "1"]
[SourceTitle "CBM 181 Extra"]
[Source "ChessBase"]
[SourceDate "2017.12.12"]
[SourceVersion "1"]
[SourceVersionDate "2017.12.12"]
[SourceQuality "1"]

1. c4 c5 2. Nc3 Nc6 3. Nf3 Nf6 4. g3 g6 5. Bg2 Bg7 6. 0-0 0-0 7. d3 e5 8. Bd2 d6 9. a3 a5 10. Rb1 Be6 1/2-1/2

[Event "CRO-chT1B 26th"]
[Site "Mali Losinj"]
[Date "2017.10.04"]
[Round "7.55"]
[White "Pucovski, Miroslav"]
[Black "Vernacki, Srdjan"]
[Result "0-1"]
[WhiteElo "2291"]
[BlackElo "2324"]
[PlyCount "112"]
[EventDate "2017.09.28"]
[EventType "team-tourn"]
[EventRounds "9"]
[EventCountry "CRO"]
[SourceTitle "EXT 2018"]
[Source "ChessBase"]
[SourceDate "2017.10.13"]
[SourceVersion "1"]
[SourceVersionDate "2017.10.13"]
[SourceQuality "1"]
[WhiteTeam "Vinkovci"]
[BlackTeam "Strigova Stridon"]
[WhiteTeamCountry "CRO"]
[BlackTeamCountry "CRO"]

1. e4 c5 2. c3 Nf6 3. e5 Nd5 4. Bc4 e6 5. Nf3 b6 6. 0-0 Bb7 7. d4 cxd4 8. cxd4 Be7 9. Bd2 Na6 10. Nc3 Nac7 11. Re1 0-0 12. Qe2 f5 13. Rec1 h6 14. Nxd5 Nxd5 15. Ba6 Bc6 16. Bb5 Bb7 17. Ba6 Bc6 18. Bb5 Bxb5 19. Qxb5 a6 20. Qe2 Qe8 21. Ne1 g5 22. Nd3 Qg6 23. f3 h5 24. a3 Rfc8 25. Bb4 Qe8 26. Bxe7 Qxe7 27. Qd2 a5 28. Rxc8+ Rxc8 29. Rc1 Rxc1+ 30. Qxc1 Qd8 31. h4 g4 32. g3 Kg7 33. Kf2 Qe8 34. Qg5+ Qg6 35. Qxg6+ Kxg6 36. f4 Kf7 37. Ke2 Ke7 38. Ne1 Kd8 39. Nc2 Kc7 40. b3 Nc3+ 41. Kd3 Ne4 42. d5 Nxg3 43. dxe6 dxe6 44. Nd4 Kd7 45. Kc4 Ne4 46. Kb5 g3 47. Kxb6 Nd2 48. b4 axb4 49. axb4 g2 50. Ne2 Nf3 51. b5 g1Q+ 52. Nxg1 Nxg1 53. Ka7 Ne2 54. b6 Nd4 55. Kb7 Nc6 56. Ka8 Kc8 0-1

[Event "CRO-chT1B 26th"]
[Site "Mali Losinj"]
[Date "2017.09.28"]
[Round "1.3"]
[White "Ciganovic, Nikola"]
[Black "Pucovski, Miroslav"]
[Result "1/2-1/2"]
[WhiteElo "2238"]
[BlackElo "2291"]
[PlyCount "57"]
[EventDate "2017.09.28"]
[EventType "team-tourn"]
[EventRounds "9"]
[EventCountry "CRO"]
[SourceTitle "EXT 2018"]
[Source "ChessBase"]
[SourceDate "2017.10.13"]
[SourceVersion "1"]
[SourceVersionDate "2017.10.13"]
[SourceQuality "1"]
[WhiteTeam "Pula"]
[BlackTeam "Vinkovci"]
[WhiteTeamCountry "CRO"]
[BlackTeamCountry "CRO"]

1. e4 c5 2. Nf3 Nc6 3. Bc4 e6 4. 0-0 a6 5. c3 d5 6. exd5 exd5 7. Bb3 Nf6 8. d4 c4 9. Bc2 Be7 10. Re1 Bg4 11. h3 Bh5 12. Bg5 0-0 13. Nbd2 Re8 14. b3 cxb3 15. axb3 Bg6 16. Bxg6 hxg6 17. Ne5 Nxe5 18. dxe5 Nd7 19. Bxe7 Rxe7 20. Nf3 Nc5 21. b4 Ne6 22. Ra5 Nc7 23. Nd4 Qd7 24. Qd3 Rae8 25. f4 g5 26. Nf5 Re6 27. Nd4 R6e7 28. Nf5 Re6 29. Nd4 1/2-1/2

[Event "CRO-chT1B 25th"]
[Site "Sibenik"]
[Date "2016.10.15"]
[Round "8.1"]
[White "Pucovski, Miroslav"]
[Black "Ascic, Pero"]
[Result "1/2-1/2"]
[WhiteElo "2291"]
[BlackElo "2308"]
[PlyCount "20"]
[EventDate "2016.10.08"]
[EventType "team-tourn"]
[EventRounds "9"]
[EventCountry "CRO"]
[SourceTitle "EXT 2017"]
[Source "ChessBase"]
[SourceDate "2016.10.25"]
[SourceVersion "1"]
[SourceVersionDate "2016.10.25"]
[SourceQuality "1"]
[WhiteTeam "Vinkovci"]
[BlackTeam "Pozega"]
[WhiteTeamCountry "CRO"]
[BlackTeamCountry "CRO"]

1. d4 d5 2. Bf4 c6 3. e3 e6 4. Nd2 Bd6 5. Bxd6 Qxd6 6. Qg4 g6 7. Ngf3 Nf6 8. Qg3 Qxg3 9. hxg3 h5 10. Ne5 Nbd7 1/2-1/2

[Event "CRO-chT1B 25th"]
[Site "Sibenik"]
[Date "2016.10.13"]
[Round "6.1"]
[White "Pucovski, Miroslav"]
[Black "Glavas, Dragan"]
[Result "0-1"]
[WhiteElo "2291"]
[BlackElo "2249"]
[PlyCount "102"]
[EventDate "2016.10.08"]
[EventType "team-tourn"]
[EventRounds "9"]
[EventCountry "CRO"]
[SourceTitle "EXT 2017"]
[Source "ChessBase"]
[SourceDate "2016.10.25"]
[SourceVersion "1"]
[SourceVersionDate "2016.10.25"]
[SourceQuality "1"]
[WhiteTeam "Vinkovci"]
[BlackTeam "Pula"]
[WhiteTeamCountry "CRO"]
[BlackTeamCountry "CRO"]

1. e4 e6 2. d4 d5 3. e5 c5 4. c3 Nc6 5. Nf3 Nge7 6. a3 cxd4 7. cxd4 Bd7 8. b4 b5 9. Nc3 a6 10. Bd3 Nc8 11. Be3 Be7 12. h4 h6 13. Nd2 Nb6 14. Qg4 Bf8 15. Rh3 Ne7 16. h5 Nc4 17. Nxc4 bxc4 18. Bc2 Nf5 19. Nxd5 a5 20. b5 Nxd4 21. Bxd4 exd5 22. Bf5 Bxf5 23. Qxf5 Qd7 24. e6 fxe6 25. Re3 0-0-0 26. Rxe6 Bd6 27. Kf1 Rhe8 28. Rae1 Rxe6 29. Rxe6 Bxa3 30. Bb6 c3 31. Bxd8 Qxb5+ 32. Kg1 Kxd8 33. Re5 Qc6 34. Rxd5+ Kc7 35. Qe5+ Kb6 36. Qb8+ Ka6 37. Qb3 c2 38. Rxa5+ Kxa5 39. Qxa3+ Qa4 40. Qc3+ Kb5 41. g3 Qc4 42. Qb2+ Ka4 43. Qc1 Kb3 44. Qe3+ Kb2 45. Qe5+ Kb1 46. Qb8+ Ka2 47. Qa7+ Kb3 48. Qb6+ Kc3 49. Qa5+ Kd3 50. Qf5+ Kd2 51. Qd7+ Qd3 0-1

[Event "CRO-chT1B 25th"]
[Site "Sibenik"]
[Date "2016.10.12"]
[Round "5.1"]
[White "Biliskov, Vjekoslav"]
[Black "Pucovski, Miroslav"]
[Result "1-0"]
[WhiteElo "2311"]
[BlackElo "2291"]
[PlyCount "76"]
[EventDate "2016.10.08"]
[EventType "team-tourn"]
[EventRounds "9"]
[EventCountry "CRO"]
[SourceTitle "EXT 2017"]
[Source "ChessBase"]
[SourceDate "2016.10.25"]
[SourceVersion "1"]
[SourceVersionDate "2016.10.25"]
[SourceQuality "1"]
[WhiteTeam "Bibinje Goran"]
[BlackTeam "Vinkovci"]
[WhiteTeamCountry "CRO"]
[BlackTeamCountry "CRO"]

1. e4 c5 2. Nf3 Nc6 3. d4 cxd4 4. Nxd4 e5 5. Nb5 d6 6. c4 Be7 7. N1c3 a6 8. Na3 f5 9. exf5 Bxf5 10. Nc2 Nf6 11. Be2 0-0 12. 0-0 Rc8 13. Be3 Kh8 14. Rc1 Qe8 15. Qd2 Qg6 16. Kh1 h6 17. f3 Nh7 18. Rfd1 Bg5 19. Bd3 Rcd8 20. Bxf5 Qxf5 21. Ne4 Be7 22. Nb4 Nf6 23. Nxf6 Bxf6 24. Nd5 Bh4 25. Qd3 Qh5 26. Qe4 Bg3 27. h3 Rf7 28. b4 Rdf8 29. Rf1 Nd4 30. Bxd4 exd4 31. f4 d3 32. Rcd1 Bxf4 33. Ne7 Rxe7 34. Qxe7 Re8 35. Qxb7 d2 36. Qf3 Qxf3 37. Rxf3 Re1+ 38. Rf1 Re2 1-0

[Event "CRO-chT1B 25th"]
[Site "Sibenik"]
[Date "2016.10.11"]
[Round "4.1"]
[White "Tica, Sven"]
[Black "Pucovski, Miroslav"]
[Result "1/2-1/2"]
[WhiteElo "2333"]
[BlackElo "2291"]
[PlyCount "88"]
[EventDate "2016.10.08"]
[EventType "team-tourn"]
[EventRounds "9"]
[EventCountry "CRO"]
[SourceTitle "EXT 2017"]
[Source "ChessBase"]
[SourceDate "2016.10.25"]
[SourceVersion "1"]
[SourceVersionDate "2016.10.25"]
[SourceQuality "1"]
[WhiteTeam "Rijeka Rijeka"]
[BlackTeam "Vinkovci"]
[WhiteTeamCountry "CRO"]
[BlackTeamCountry "CRO"]

1. d4 d5 2. c4 c6 3. Nf3 Nf6 4. g3 Bf5 5. Bg2 e6 6. 0-0 Be7 7. Nc3 Nbd7 8. b3 h6 9. Bb2 Ne4 10. Nd2 Nxc3 11. Bxc3 Nf6 12. e4 dxe4 13. Qe2 0-0 14. Nxe4 Nxe4 15. Bxe4 Bxe4 16. Qxe4 Re8 17. Rad1 Qc7 18. Bd2 Rad8 19. Bf4 Qa5 20. Qe2 Bf6 21. Be5 Bxe5 22. dxe5 Re7 23. Rd6 Rxd6 24. exd6 Rd7 25. Rd1 Qc5 26. Qd3 b6 27. Kg2 f6 28. Rd2 Kf7 29. f4 Qf5 30. Qf3 Qc5 31. Qd3 Qf5 32. b4 Qxd3 33. Rxd3 c5 34. b5 f5 35. Kf3 Kf6 36. h4 g6 37. Ke3 e5 38. fxe5+ Kxe5 39. Rd5+ Ke6 40. Kf4 Kf6 41. Kf3 Ke6 42. Kf4 Kf6 43. Kf3 Ke6 44. Kf4 Kf6 1/2-1/2

[Event "Novi Sad Super Master2 op"]
[Site "Novi Sad"]
[Date "2016.06.18"]
[Round "9"]
[White "Pucovski, Miroslav"]
[Black "Martorelli, Antonio"]
[Result "0-1"]
[WhiteElo "2309"]
[BlackElo "2258"]
[PlyCount "56"]
[EventDate "2016.06.13"]
[EventType "swiss"]
[EventRounds "9"]
[EventCountry "SRB"]
[SourceTitle "EXT 2017"]
[Source "ChessBase"]
[SourceDate "2016.10.25"]
[SourceVersion "1"]
[SourceVersionDate "2016.10.25"]
[SourceQuality "1"]

1. e4 c5 2. Nf3 d6 3. d4 cxd4 4. Nxd4 Nc6 5. Nc3 Nf6 6. Bg5 e6 7. Qd2 a6 8. 0-0-0 Bd7 9. f3 Be7 10. Kb1 0-0 11. Nxc6 Bxc6 12. Bd3 b5 13. Qe1 Qc7 14. f4 h6 15. Bh4 b4 16. e5 dxe5 17. fxe5 Ng4 18. Bxe7 Qxe7 19. Ne4 Nxe5 20. Nd6 Nxd3 21. Rxd3 a5 22. Rf1 Rad8 23. Nf5 Qc5 24. Nxh6+ gxh6 25. Rh3 Qd4 26. Rxh6 Be4 27. Rh4 Bxc2+ 28. Ka1 Qd1+ 0-1

[Event "Novi Sad Super Master2 op"]
[Site "Novi Sad"]
[Date "2016.06.17"]
[Round "7"]
[White "Pucovski, Miroslav"]
[Black "Sredojevic, Ivan"]
[Result "1/2-1/2"]
[WhiteElo "2309"]
[BlackElo "2361"]
[PlyCount "21"]
[EventDate "2016.06.13"]
[EventType "swiss"]
[EventRounds "9"]
[EventCountry "SRB"]
[SourceTitle "EXT 2017"]
[Source "ChessBase"]
[SourceDate "2016.10.25"]
[SourceVersion "1"]
[SourceVersionDate "2016.10.25"]
[SourceQuality "1"]

1. e4 c5 2. Nf3 Nc6 3. d4 cxd4 4. Nxd4 e5 5. Nb5 d6 6. Bd3 Be7 7. 0-0 Be6 8. c4 a6 9. N5c3 Nf6 10. f3 0-0 11. Be3 1/2-1/2

[Event "Novi Sad 04"]
[Site "Novi Sad"]
[Date "2016.04.30"]
[Round "10"]
[White "Juhasz, Armin"]
[Black "Pucovski, Miroslav"]
[Result "1-0"]
[WhiteElo "2375"]
[BlackElo "2312"]
[PlyCount "75"]
[EventDate "2016.04.23"]
[EventType "tourn"]
[EventRounds "10"]
[EventCountry "SRB"]
[EventCategory "5"]
[SourceTitle "CBM 172 Extra"]
[Source "ChessBase"]
[SourceDate "2016.06.21"]
[SourceVersion "1"]
[SourceVersionDate "2016.06.21"]
[SourceQuality "1"]

1. d4 f5 2. Nf3 Nf6 3. g3 g6 4. Bg2 Bg7 5. 0-0 0-0 6. c3 d6 7. Qb3+ Kh8 8. Ng5 Qe8 9. Bxb7 Bxb7 10. Qxb7 Qc6 11. Qxc6 Nxc6 12. Ne6 Rfc8 13. Na3 Kg8 14. Rb1 Kf7 15. Nxg7 Kxg7 16. f3 Kf7 17. e4 fxe4 18. fxe4 Ke8 19. Re1 e5 20. Bg5 Ke7 21. Rf1 Rf8 22. Rxf6 Rxf6 23. Rf1 Raf8 24. Nb5 exd4 25. cxd4 h6 26. Bxf6+ Rxf6 27. Rc1 Kd7 28. d5 Ne5 29. Rxc7+ Kd8 30. Rxa7 Nf3+ 31. Kg2 g5 32. Ra6 Ke7 33. e5 Nxe5 34. Ra7+ Kf8 35. Ra3 Nc4 36. Rf3 Rxf3 37. Kxf3 Nxb2 38. Nxd6 1-0

[Event "Novi Sad 04"]
[Site "Novi Sad"]
[Date "2016.04.26"]
[Round "5"]
[White "Pucovski, Miroslav"]
[Black "Juhasz, Kristof"]
[Result "1/2-1/2"]
[WhiteElo "2312"]
[BlackElo "2379"]
[PlyCount "68"]
[EventDate "2016.04.23"]
[EventType "tourn"]
[EventRounds "10"]
[EventCountry "SRB"]
[EventCategory "5"]
[SourceTitle "CBM 172 Extra"]
[Source "ChessBase"]
[SourceDate "2016.06.21"]
[SourceVersion "1"]
[SourceVersionDate "2016.06.21"]
[SourceQuality "1"]

1. e4 c6 2. d4 d5 3. Nc3 dxe4 4. Nxe4 Nd7 5. Nf3 Ngf6 6. Nxf6+ Nxf6 7. Bd3 Bg4 8. 0-0 e6 9. h3 Bxf3 10. Qxf3 Be7 11. Rd1 0-0 12. c3 Qd5 13. Qe2 Rfd8 14. Be3 Qh5 15. Qc2 Rd7 16. Rd2 Rad8 17. Rad1 Qa5 18. a3 Qc7 19. Bc4 Bd6 20. Ba2 Nd5 21. Bg5 Be7 22. Bxe7 Nxe7 23. Rd3 Nd5 24. Qd2 Nf4 25. Rf3 Nd5 26. Rg3 Qf4 27. Qxf4 Nxf4 28. Rf3 Nd5 29. Re1 g6 30. g3 Kg7 31. Kg2 Rd6 32. Re2 R6d7 33. Bc4 Nb6 34. Ba2 Nd5 1/2-1/2